000 01262nac a22003131i 4500
003 EG-ScBUE
005 20241111101258.0
008 241111t2004 njua f b 001 0 eng d
020 _a0471650722
020 _a9780471650720
040 _aEG-ScBUE
_beng
_erda
_cEG-ScBUE
_dEG-ScBUE
082 0 4 _a519.5
_bHUB
_222
100 1 _aHuber, Peter J.,
_eauthor.
245 1 0 _aRobust statistics /
_cPeter J. Huber, professor of statistics, Harvard University, Cambridge, Massachusetts.
264 1 _aHoboken, N.J. :
_bA John Wiley & Sons, Inc.,
_c[2004]
264 4 _ac2004
300 _aix, 308 pages :
_billustrations ;
_c23 cm.
336 _2rdacontent
_atext
_btxt
337 _aunmediated
_2rdamedia
_bn
338 _avolume
_bnc
_2rdacarrier
490 0 _aWiley series in probability and statistics
504 _aIncludes bibliographical references and index.
650 7 _aRobust statistics.
_2BUEsh
655 _vReading book
856 4 2 _3Contributor biographical information
_uhttp://www.loc.gov/catdir/bios/wiley046/2004266770.html
856 4 2 _3Publisher description
_uhttp://www.loc.gov/catdir/description/wiley041/2004266770.html
856 4 2 _3Table of contents
_uhttp://www.loc.gov/catdir/toc/wiley041/2004266770.html
942 _cBB
_2ddc
999 _c1315
_d1315